বাংলাদেশের মুক্তিযুদ্ধের ভাস্কর্য / (Record no. 77723)
[ view plain ]
| 000 -LEADER | |
|---|---|
| fixed length control field | 01542nam a2200253 a 4500 |
| 001 - CONTROL NUMBER | |
| control field | 77723 |
| 003 - CONTROL NUMBER IDENTIFIER | |
| rucl marc code | BD-RjUL |
| 005 - DATE AND TIME OF LATEST TRANSACTION | |
| control field | 20211209083021.0 |
| 008 - FIXED-LENGTH DATA ELEMENTS--GENERAL INFORMATION | |
| fixed length control field | 210103s2003 bg a|||| m||| 00| 0 ben d |
| 035 ## - SYSTEM CONTROL NUMBER | |
| System control number | (BD-RjUL)77949 |
| 040 ## - CATALOGING SOURCE | |
| Original cataloging agency | BD-RjUL |
| Language of cataloging | ben / eng |
| Transcribing agency | BD-RjUL |
| Modifying agency | BD-RjUL |
| 041 ## - LANGUAGE CODE | |
| Language code of text/sound track or separate title | ben |
| 082 ## - DEWEY DECIMAL CLASSIFICATION NUMBER | |
| Classification number | 730.09549205 |
| Author mark and year | ANB 2003 |
| Edition number | 23 |
| 100 ## - MAIN ENTRY--PERSONAL NAME | |
| Personal name | আনোয়ার, মোস্তফা শরীফ |
| 9 (RLIN) | 243157 |
| 245 10 - TITLE STATEMENT | |
| Title | বাংলাদেশের মুক্তিযুদ্ধের ভাস্কর্য / |
| Statement of responsibility, etc. | মোস্তফা শরীফ আনোয়ার ; |
| Linkage | গবেষণা তত্ত্বাবধায়ক : আবু তাহের |
| 260 ## - PUBLICATION, DISTRIBUTION, ETC. (IMPRINT) | |
| Place of publication, distribution, etc. | রাজশাহী : |
| Name of publisher, distributor, etc. | চারুকলা বিভাগ, রাজশাহী বিশ্ববিদ্যালয়, |
| Date of publication, distribution, etc. | ২০০৩ |
| 300 ## - PHYSICAL DESCRIPTION | |
| Pagination | [৭], ৩২৪ পাতা : |
| Illustrations | চিত্র ; |
| Size | ৩০ সেমি. |
| 502 ## - DISSERTATION NOTE | |
| Dissertation note | থিসিস (পিএইচ. ডি.) -- চারুকলা বিভাগ, রাজশাহী বিশ্ববিদ্যালয়, ২০০৩ |
| 504 ## - BIBLIOGRAPHY, ETC. NOTE | |
| Bibliography, etc | গ্রন্থপঞ্জী : পাতা [৩০৩] - ৩১০ |
| 650 ## - SUBJECT ADDED ENTRY--TOPICAL TERM | |
| Topical term or geographic name as entry element | ভাস্কর্য |
| General subdivision | ইতিহাস |
| Geographic subdivision | বাংলাদেশ |
| General subdivision | মুক্তিযুদ্ধ, ১৯৭১ |
| 9 (RLIN) | 243158 |
| Topical term or geographic name as entry element | Sculpture |
| General subdivision | History |
| Geographic subdivision | Bangladesh |
| General subdivision | liberation war, 1971 |
| 9 (RLIN) | 243159 |
| 700 ## - ADDED ENTRY--PERSONAL NAME | |
| Personal name | তাহের, আবু, গবেষণা তত্ত্বাবধায়ক |
| 942 ## - ADDED ENTRY ELEMENTS (KOHA) | |
| Source of classification or shelving scheme | Dewey Decimal Classification |
| Koha item type | Theses |
| Lost status | Source of classification or shelving scheme | Damaged status | Not for loan | Collection code | Permanent Location | Current Location | Shelving location | Date acquired | Source of acquisition | Total Checkouts | Full call number | Date last seen | Copy number | Koha item type |
|---|---|---|---|---|---|---|---|---|---|---|---|---|---|---|
| Dewey Decimal Classification | Not For Loan | Theses | Central Library, University of Rajshahi | Central Library, University of Rajshahi | Documentation Section | 08/07/2004 | Controller of Exam., R.U. | BTHE 730.09549205 ANB 2003 | 03/01/2021 | C-1 | Theses |